| 000 | 00372nam a2200145Ia 4500 | ||
|---|---|---|---|
| 005 | 20251222154342.0 | ||
| 008 | 251222s9999||||xx |||||||||||||| ||spa|| | ||
| 020 | _a958-41-0072-6 | ||
| 082 | _a330.015.195/W35 | ||
| 100 | _aWebster, Allen L. | ||
| 245 | 0 | _aEstadÃstica Aplicada a los Negocios y la EconomÃa | |
| 250 | _a3a.ed. | ||
| 264 | _bMcGraw-Hill | ||
| 942 | _cLIB | ||
| 999 |
_c34586 _d34586 |
||